[Event "EIRCC 2019"]
[Site "Tallinn"]
[Date "2019.12.06"]
[Round "9.29"]
[White "Studer, Noel"]
[Black "Rocha, Sergio"]
[Result "1-0"]
[WhiteElo "2405"]
[BlackElo "2249"]
[Annotator "NA"]
[PlyCount "97"]
[EventDate "2019.12.05"]
[EventType "swiss"]
[EventCountry "EST"]
[SourceTitle "playchess.com"]
[Source "ChessBase"]
[SourceQuality "1"]
[TimeControl "900+10"]

1. d4 {[%emt 0:00:00]} d6 {[%emt 0:00:00]} 2. e4 {[%emt 0:00:09]} Nf6 {[%emt 0:00:00]} 3. Nc3 {[%emt 0:00:01]} e5 {[%emt 0:00:11]} 4. Nf3 {[%emt 0:00:02]} Nbd7 {[%emt 0:00:50]} 5. Bc4 {[%emt 0:00:01]} Be7 {[%emt 0:00:18]} 6. a4 {[%emt 0:00:07]} O-O {[%emt 0:00:04]} 7. O-O {[%emt 0:00:01]} c6 {[%emt 0:00:04]} 8. Re1 {[%emt 0:00:23]} b6 {[%emt 0:00:33]} 9. h3 {[%emt 0:00:10]} a6 {[%emt 0:00:03]} 10. Ba2 {[%emt 0:00:02]} Bb7 {[%emt 0:00:09]} 11. Be3 {[%emt 0:00:01]} b5 {[%emt 0:00:02]} 12. axb5 {[%emt 0:00:02]} axb5 {[%emt 0:00:02]} 13. b4 {[%emt 0:00:01]} Qc7 {[%emt 0:00:19]} 14. Qd3 {[%emt 0:00:37]} h6 {[%emt 0:00:15]} 15. Nh4 {[%emt 0:00:46]} Rfe8 {[%emt 0:00:06]} 16. Nf5 {[%emt 0:02:24]} Bf8 {[%emt 0:00:11]} 17. Bb3 {[%emt 0:00:01]} d5 {[%emt 0:02:24]} 18. Rxa8 {[%emt 0:01:55]} Bxa8 {[%emt 0:00:03]} 19. exd5 {[%emt 0:02:55]} e4 {[%emt 0:00:02]} 20. Qe2 {[%emt 0:00:31]} Bxb4 {[%emt 0:00:24]} 21. Bd2 {[%emt 0:00:15]} Bxc3 {[%emt 0:02:50]} 22. Bxc3 {[%emt 0:00:01]} cxd5 {[%emt 0:00:39]} 23. Bb4 {[%emt 0:00:03]} Nf8 {[%emt 0:00:59]} 24. Qxb5 {[%emt 0:00:59]} Ne6 {[%emt 0:00:35]} 25. Bd6 {[%emt 0:01:25]} Qc3 {[%emt 0:00:48]} 26. Rd1 {[%emt 0:00:05]} Ng5 {[%emt 0:01:16]} 27. Ne3 {[%emt 0:01:35]} Bc6 {[%emt 0:01:27]} 28. Qb6 {[%emt 0:01:08]} Bd7 {[%emt 0:00:03]} 29. Be5 {[%emt 0:00:09]} Re6 {[%emt 0:00:36]} 30. Qb8+ {[%emt 0:00:32]} Re8 {[%emt 0:01:35]} 31. Qd6 {[%emt 0:00:26]} Re6 {[%emt 0:00:02]} 32. Qc7 {[%emt 0:01:30]} Qxc7 {[%emt 0:01:17]} 33. Bxc7 {[%emt 0:00:01]} Rc6 {[%emt 0:00:01]} 34. Be5 {[%emt 0:00:09]} Be6 {[%emt 0:00:01]} 35. Ra1 {[%emt 0:00:50]} Nd7 {[%emt 0:00:09]} 36. Bf4 {[%emt 0:00:14]} Nh7 {[%emt 0:00:26]} 37. Ra8+ {[%emt 0:00:01]} Nhf8 {[%emt 0:00:05]} 38. Ba4 {[%emt 0:00:06]} Rb6 {[%emt 0:00:07]} 39. Bxd7 {[%emt 0:00:06]} Bxd7 40. Nxd5 {[%emt 0:00:01]} Rb1+ {[%emt 0:00:11]} 41. Kh2 {[%emt 0:00:00]} g5 {[%emt 0:00:00]} 42. Bd6 {[%emt 0:00:02]} Kg7 {[%emt 0:00:10]} 43. Bxf8+ {[%emt 0:00:01]} Kg6 {[%emt 0:00:01]} 44. Ra6+ {[%emt 0:00:11]} Be6 {[%emt 0:00:12]} 45. Nc3 {[%emt 0:00:01]} Rb8 {[%emt 0:00:08]} 46. Bc5 {[%emt 0:00:16]} Kf5 {[%emt 0:00:07]} 47. g4+ {[%emt 0:00:15]} Kf4 {[%emt 0:00:03]} 48. Bd6+ {[%emt 0:00:01]} Kf3 {[%emt 0:00:01]} 49. Bxb8 {[%emt 0:00:01]} 1-0

[Event "EIRCC 2019"]
[Site "Tallinn"]
[Date "2019.12.06"]
[Round "9.30"]
[White "Vlassow, Valentin"]
[Black "Haitin, Ilja"]
[Result "1-0"]
[WhiteElo "2394"]
[BlackElo "2232"]
[Annotator "NA"]
[PlyCount "88"]
[EventDate "2019.12.05"]
[EventType "swiss"]
[EventCountry "EST"]
[SourceTitle "playchess.com"]
[Source "ChessBase"]
[SourceQuality "1"]
[TimeControl "900+10"]

1. e4 {[%emt 0:00:00]} d5 {[%emt 0:00:00]} 2. exd5 {[%emt 0:00:00]} Qxd5 {[%emt 0:00:00]} 3. Nf3 {[%emt 0:00:00]} g6 {[%emt 0:00:00]} 4. d4 {[%emt 0:00:10]} Bg7 {[%emt 0:00:00]} 5. Be2 {[%emt 0:00:14]} Nh6 {[%emt 0:00:08]} 6. O-O {[%emt 0:00:25]} O-O {[%emt 0:00:13]} 7. Bf4 {[%emt 0:00:44]} c5 {[%emt 0:00:35]} 8. dxc5 {[%emt 0:03:39]} Qxc5 {[%emt 0:01:06]} 9. c3 {[%emt 0:00:17]} Nc6 {[%emt 0:00:43]} 10. Nbd2 {[%emt 0:00:04]} e5 {[%emt 0:02:00]} 11. Be3 {[%emt 0:00:07]} Qe7 {[%emt 0:00:07]} 12. Ne4 {[%emt 0:00:53]} b6 {[%emt 0:00:33]} 13. Bg5 {[%emt 0:00:50]} Qe6 {[%emt 0:00:33]} 14. Qb3 {[%emt 0:02:12]} Na5 {[%emt 0:01:10]} 15. Qxe6 {[%emt 0:00:13]} Bxe6 {[%emt 0:00:02]} 16. Nxe5 {[%emt 0:01:06]} Bxe5 {[%emt 0:00:20]} 17. Bxh6 {[%emt 0:00:02]} Rfe8 {[%emt 0:00:52]} 18. Bb5 {[%emt 0:00:27]} Red8 {[%emt 0:00:30]} 19. Rfd1 {[%emt 0:00:03]} Rxd1+ 20. Rxd1 {[%emt 0:00:01]} Bxa2 {[%emt 0:00:54]} 21. b4 {[%emt 0:01:11]} Bc4 {[%emt 0:00:52]} 22. bxa5 {[%emt 0:01:10]} Bxb5 {[%emt 0:00:11]} 23. Rd5 {[%emt 0:00:01]} Re8 {[%emt 0:02:50]} 24. Rxb5 {[%emt 0:00:15]} Bxc3 {[%emt 0:00:01]} 25. f3 {[%emt 0:00:26]} Bd4+ {[%emt 0:00:37]} 26. Kf1 {[%emt 0:00:03]} f5 {[%emt 0:00:22]} 27. Rd5 {[%emt 0:01:32]} fxe4 {[%emt 0:03:24]} 28. Rxd4 {[%emt 0:00:02]} exf3 {[%emt 0:00:01]} 29. gxf3 {[%emt 0:00:04]} bxa5 30. Rd7 {[%emt 0:00:08]} Ra8 {[%emt 0:00:41]} 31. Be3 {[%emt 0:00:02]} Rf8 {[%emt 0:01:06]} 32. Kg2 {[%emt 0:00:10]} Re8 {[%emt 0:00:09]} 33. Kf2 {[%emt 0:00:14]} a6 {[%emt 0:00:13]} 34. Bd4 {[%emt 0:00:07]} Re6 {[%emt 0:00:12]} 35. Rg7+ {[%emt 0:00:24]} Kf8 {[%emt 0:00:00]} 36. Rxh7 {[%emt 0:00:02]} a4 {[%emt 0:00:01]} 37. Rc7 {[%emt 0:00:05]} Ke8 {[%emt 0:00:21]} 38. Rc4 {[%emt 0:00:12]} Kd7 {[%emt 0:00:14]} 39. Rxa4 {[%emt 0:00:02]} Rc6 {[%emt 0:00:16]} 40. h4 {[%emt 0:00:07]} Ke6 {[%emt 0:00:01]} 41. Kg3 {[%emt 0:00:04]} Kd5 {[%emt 0:00:09]} 42. Kg4 {[%emt 0:00:14]} Rc1 {[%emt 0:00:19]} 43. Be3 {[%emt 0:00:23]} Re1 {[%emt 0:00:09]} 44. Kf4 {[%emt 0:00:31]} Rh1 {Ke4+} 1-0

[Event "EIRCC 2019"]
[Site "Tallinn"]
[Date "2019.12.06"]
[Round "9.31"]
[White "Krupenski, Juri"]
[Black "Sysolyatin, Evgeny"]
[Result "1-0"]
[WhiteElo "2373"]
[BlackElo "2231"]
[Annotator "RC"]
[PlyCount "147"]
[EventDate "2019.12.05"]
[EventType "swiss"]
[EventCountry "EST"]
[SourceTitle "playchess.com"]
[Source "ChessBase"]
[SourceQuality "1"]
[TimeControl "900+10"]

1. d4 {[%emt 0:00:00]} d5 {[%emt 0:00:00]} 2. c4 {[%emt 0:00:00]} e6 {[%emt 0:00:00]} 3. Nf3 {[%emt 0:00:00]} Nf6 {[%emt 0:00:00]} 4. g3 {[%emt 0:00:00]} Be7 {[%emt 0:00:08]} 5. Bg2 {[%emt 0:00:02]} Nbd7 {[%emt 0:00:05]} 6. O-O {[%emt 0:00:05]} dxc4 {[%emt 0:00:04]} 7. Qa4 {[%emt 0:01:07]} a6 {[%emt 0:00:02]} 8. Qxc4 {[%emt 0:00:10]} b5 {[%emt 0:00:02]} 9. Qc2 {[%emt 0:00:15]} Bb7 {[%emt 0:00:01]} 10. Nc3 {[%emt 0:02:28]} c5 {[%emt 0:00:03]} 11. dxc5 {[%emt 0:00:34]} Nxc5 {[%emt 0:00:22]} 12. Rd1 {[%emt 0:00:52]} Qc8 {[%emt 0:01:20]} 13. Be3 {[%emt 0:01:10]} Nce4 {[%emt 0:01:27]} 14. Rac1 {[%emt 0:00:37]} Nxc3 {[%emt 0:00:02]} 15. Qxc3 {[%emt 0:01:44]} Qxc3 {[%emt 0:00:02]} 16. Rxc3 {[%emt 0:00:02]} Nd5 {[%emt 0:00:07]} 17. Rb3 {[%emt 0:00:13]} Nxe3 {[%emt 0:00:04]} 18. Rxe3 {[%emt 0:00:03]} Rd8 {[%emt 0:01:03]} 19. Rxd8+ {[%emt 0:00:08]} Bxd8 {[%emt 0:00:01]} 20. Ne5 {[%emt 0:00:03]} Bxg2 {[%emt 0:00:08]} 21. Kxg2 {[%emt 0:00:02]} Bf6 {[%emt 0:00:13]} 22. Nd3 {[%emt 0:00:09]} Ke7 {[%emt 0:00:19]} 23. Re4 {[%emt 0:00:24]} Rc8 {[%emt 0:00:05]} 24. Kf3 {[%emt 0:01:50]} Kd6 {[%emt 0:00:15]} 25. b3 {[%emt 0:00:34]} a5 {[%emt 0:00:34]} 26. Ke3 {[%emt 0:01:42]} Rc2 {[%emt 0:00:07]} 27. a4 {[%emt 0:00:28]} Rc3 {[%emt 0:00:03]} 28. b4 {[%emt 0:00:30]} Rc4 {[%emt 0:07:27]} 29. axb5 {[%emt 0:00:16]} Rxe4+ {[%emt 0:00:02]} 30. Kxe4 {[%emt 0:00:01]} a4 {[%emt 0:00:01]} 31. Nc1 {[%emt 0:00:17]} Kc7 {[%emt 0:00:38]} 32. Kd3 {[%emt 0:00:06]} Kb6 {[%emt 0:00:01]} 33. Kc4 {[%emt 0:00:02]} Bb2 {[%emt 0:00:06]} 34. Nd3 {[%emt 0:01:23]} a3 {[%emt 0:00:54]} 35. Kb3 {[%emt 0:00:01]} Kxb5 36. Nc5 {[%emt 0:00:35]} Kc6 {[%emt 0:01:22]} 37. Nd3 {[%emt 0:00:24]} Kb5 {[%emt 0:00:04]} 38. Nc5 {[%emt 0:00:09]} Kc6 {[%emt 0:00:54]} 39. Ne4 {[%emt 0:00:16]} h6 {[%emt 0:00:46]} 40. Nd2 {[%emt 0:00:07]} Kd5 {[%emt 0:00:31]} 41. Nc4 {[%emt 0:00:12]} Bd4 {[%emt 0:00:22]} 42. f3 {[%emt 0:00:48]} a2 {[%emt 0:00:05]} 43. e4+ {[%emt 0:00:02]} Kc6 {[%emt 0:00:06]} 44. Kxa2 {[%emt 0:00:02]} f5 {[%emt 0:00:30]} 45. Kb3 {[%emt 0:00:16]} h5 {[%emt 0:00:06]} 46. Na3 {[%emt 0:00:53]} g5 {[%emt 0:00:09]} 47. Kc4 {[%emt 0:00:22]} Bf2 {[%emt 0:00:02]} 48. Nc2 {[%emt 0:00:26]} fxe4 {[%emt 0:01:04]} 49. fxe4 {[%emt 0:00:01]} g4 {[%emt 0:00:01]} 50. Nd4+ {[%emt 0:00:11]} Kd6 {[%emt 0:00:01]} 51. Ne2 {[%emt 0:00:26]} e5 {[%emt 0:00:15]} 52. Kb5 {[%emt 0:00:16]} Kc7 {[%emt 0:00:12]} 53. Kc4 {[%emt 0:00:26]} Kd6 {[%emt 0:00:02]} 54. Kd3 {[%emt 0:00:04]} Kc6 {[%emt 0:00:05]} 55. Nc3 {[%emt 0:00:16]} h4 {[%emt 0:00:16]} 56. gxh4 {[%emt 0:00:04]} Bxh4 {[%emt 0:00:01]} 57. Ke2 {[%emt 0:00:20]} Bg5 {[%emt 0:00:54]} 58. Nd5 {[%emt 0:00:03]} Kb5 {[%emt 0:00:11]} 59. Kd3 {[%emt 0:00:27]} Bh4 {[%emt 0:00:18]} 60. Ne3 {[%emt 0:00:07]} g3 {[%emt 0:00:05]} 61. h3 {[%emt 0:00:01]} Kxb4 {[%emt 0:00:07]} 62. Ke2 {[%emt 0:00:05]} Bg5 {[%emt 0:00:05]} 63. Nf5 {[%emt 0:00:03]} Bf4 {[%emt 0:00:10]} 64. h4 {[%emt 0:00:15]} Kc4 {[%emt 0:00:03]} 65. h5 {[%emt 0:00:02]} Kc3 {[%emt 0:00:10]} 66. Kf3 {[%emt 0:00:13]} Kd3 {[%emt 0:00:01]} 67. Nxg3 {[%emt 0:00:05]} Kc4 {[%emt 0:00:21]} 68. Nf5 {[%emt 0:00:02]} Bg5 {[%emt 0:00:03]} 69. h6 {[%emt 0:00:01]} Bf6 {[%emt 0:00:01]} 70. h7 {[%emt 0:00:14]} Kc5 {[%emt 0:00:01]} 71. Nh4 {[%emt 0:00:06]} Kd6 {[%emt 0:00:02]} 72. Kg4 {[%emt 0:00:27]} Ke6 {[%emt 0:00:01]} 73. Kh5 {[%emt 0:00:03]} Kf7 {[%emt 0:00:08]} 74. Ng6 {[%emt 0:00:01]} 1-0

[Event "EIRCC 2019"]
[Site "Tallinn"]
[Date "2019.12.06"]
[Round "9.32"]
[White "Khakimov, Timur"]
[Black "Degtiarev, Evgeny"]
[Result "1-0"]
[WhiteElo "2253"]
[BlackElo "2367"]
[Annotator "NA"]
[PlyCount "113"]
[EventDate "2019.12.05"]
[EventType "swiss"]
[EventCountry "EST"]
[SourceTitle "playchess.com"]
[Source "ChessBase"]
[SourceQuality "1"]
[TimeControl "900+10"]

1. d4 {[%emt 0:00:00]} d5 {[%emt 0:00:00]} 2. Bf4 {[%emt 0:00:13]} Nf6 {[%emt 0:00:05]} 3. e3 {[%emt 0:00:02]} e6 {[%emt 0:00:16]} 4. Nf3 {[%emt 0:00:02]} Bd6 {[%emt 0:00:17]} 5. Ne5 {[%emt 0:00:55]} Nfd7 {[%emt 0:01:22]} 6. Bd3 {[%emt 0:00:24]} Nc6 {[%emt 0:01:38]} 7. Qg4 {[%emt 0:00:54]} Ndxe5 {[%emt 0:02:17]} 8. dxe5 {[%emt 0:00:24]} Bb4+ {[%emt 0:01:18]} 9. c3 {[%emt 0:00:03]} Bf8 {[%emt 0:00:02]} 10. Nd2 {[%emt 0:00:09]} Ne7 {[%emt 0:02:56]} 11. Nf3 {[%emt 0:00:06]} Nf5 {[%emt 0:00:27]} 12. Qh3 {[%emt 0:00:30]} c5 {[%emt 0:00:36]} 13. g4 {[%emt 0:00:03]} Ne7 {[%emt 0:00:12]} 14. Ng5 {[%emt 0:01:03]} h6 {[%emt 0:00:09]} 15. Nh7 {[%emt 0:00:12]} Ng6 {[%emt 0:00:30]} 16. Nxf8 {[%emt 0:02:26]} Rxf8 {[%emt 0:00:02]} 17. Bg3 {[%emt 0:00:39]} Bd7 {[%emt 0:00:14]} 18. Qh5 {[%emt 0:00:14]} Qg5 {[%emt 0:00:57]} 19. f4 {[%emt 0:01:04]} Qxh5 {[%emt 0:00:03]} 20. gxh5 {[%emt 0:00:02]} Ne7 {[%emt 0:00:04]} 21. Bh4 {[%emt 0:00:09]} d4 {[%emt 0:01:58]} 22. e4 {[%emt 0:01:47]} dxc3 {[%emt 0:00:14]} 23. bxc3 {[%emt 0:00:01]} Bc6 {[%emt 0:00:07]} 24. Rg1 {[%emt 0:00:07]} Rg8 {[%emt 0:00:21]} 25. O-O-O {[%emt 0:00:38]} a5 {[%emt 0:01:07]} 26. f5 {[%emt 0:00:24]} exf5 {[%emt 0:00:42]} 27. exf5 {[%emt 0:00:01]} Bf3 {[%emt 0:00:22]} 28. Rd2 {[%emt 0:00:23]} Bxh5 {[%emt 0:00:07]} 29. Bb5+ {[%emt 0:01:14]} Nc6 {[%emt 0:00:01]} 30. Rd6 {[%emt 0:00:12]} Rc8 {[%emt 0:00:02]} 31. Rxh6 {[%emt 0:00:32]} gxh6 {[%emt 0:00:34]} 32. Rxg8+ {[%emt 0:00:02]} Kd7 {[%emt 0:00:01]} 33. e6+ {[%emt 0:00:01]} fxe6 {[%emt 0:00:02]} 34. fxe6+ {[%emt 0:00:01]} Kc7 {[%emt 0:00:06]} 35. Bg3+ {[%emt 0:00:02]} Kb6 {[%emt 0:00:02]} 36. Rxc8 {[%emt 0:00:15]} Kxb5 {[%emt 0:00:01]} 37. Rc7 {[%emt 0:00:31]} Kc4 {[%emt 0:00:16]} 38. Kd2 {[%emt 0:00:13]} Kd5 {[%emt 0:00:14]} 39. e7 {[%emt 0:00:06]} Ke6 {[%emt 0:00:03]} 40. Rxb7 {[%emt 0:01:06]} Be8 {[%emt 0:00:36]} 41. Rc7 {[%emt 0:00:54]} h5 {[%emt 0:00:11]} 42. Ke3 {[%emt 0:00:14]} c4 {[%emt 0:00:32]} 43. Kf4 {[%emt 0:00:24]} Nxe7 {[%emt 0:00:31]} 44. Rxc4 {[%emt 0:00:02]} Nd5+ {[%emt 0:00:09]} 45. Kg5 {[%emt 0:00:03]} Bf7 {[%emt 0:00:12]} 46. Rc5 {[%emt 0:00:06]} a4 {[%emt 0:00:04]} 47. a3 {[%emt 0:00:02]} Ke7 {[%emt 0:00:15]} 48. c4 {[%emt 0:00:06]} Nb6 {[%emt 0:00:11]} 49. Rc7+ {[%emt 0:00:04]} Ke8 {[%emt 0:00:05]} 50. c5 {[%emt 0:00:55]} Nc4 {[%emt 0:00:10]} 51. Bd6 {[%emt 0:00:06]} Bd5 {[%emt 0:00:17]} 52. Kf6 {[%emt 0:00:25]} Kd8 {[%emt 0:00:18]} 53. c6 {[%emt 0:00:33]} Nxd6 {[%emt 0:00:03]} 54. Rd7+ {[%emt 0:00:01]} Kc8 {[%emt 0:00:01]} 55. Rxd6 {[%emt 0:00:01]} Bf3 {[%emt 0:00:01]} 56. Kg5 {[%emt 0:00:25]} Kc7 {[%emt 0:00:03]} 57. Rh6 {[%emt 0:00:05]} 1-0

[Event "EIRCC 2019"]
[Site "Tallinn"]
[Date "2019.12.06"]
[Round "9.33"]
[White "Timerkhanov, Alexander"]
[Black "Peterson, Emery"]
[Result "1/2-1/2"]
[WhiteElo "2363"]
[BlackElo "2176"]
[Annotator "TA"]
[PlyCount "135"]
[EventDate "2019.12.05"]
[EventType "swiss"]
[EventCountry "EST"]
[SourceTitle "playchess.com"]
[Source "ChessBase"]
[SourceQuality "1"]

{[%evp 9,135,49,43,46,51,-3,-3,-12,-2,-8,-12,-3,0,-5,18,33,38,37,75,75,72,39,39,46,49,49,49,14,15,12,23,11,41,41,63,54,44,21,24,17,24,9,24,24,24,24,24,24,28,24,38,38,27,0,81,81,81,81,81,81,82,81,82,82,82,0,82,81,82,81,81,81,81,81,81,81,81,81,81,0,81,81,81,81,81,0,81,0,81,81,81,81,81,81,81,81,81,81,82,0,0,0,0,0,0,0,0,0,0,0,0,0,0,0,0,0,0,0,0,0,0,0,0,0,0,0,1385,-76]} 1. d4 e6 2. Nf3 d5 3. Bf4 Bd6 4. Bg3 f5 5. e3 Nf6 6. c4 {D02: 1 d4 d5 2 Nf3 sidelines, including 2...Nf6 3 g3 and 2...Nf6 3 Bf4} c6 7. c5 $146 (7. Bxd6 $14 Qxd6 8. Bd3) ({Predecessor:} 7. Nbd2 O-O 8. Bxd6 Qxd6 9. Ne5 Nbd7 10. Nxd7 Bxd7 11. Be2 f4 12. O-O {0-1 (57) Zhao,Z (2223)-Ye,R (2461) Tianjin 2018}) 7... Bxg3 $11 8. hxg3 {The position is equal.} b6 9. Qc2 O-O 10. Nbd2 Bb7 11. Rc1 Ne4 12. Nxe4 fxe4 13. Ne5 g6 14. f4 Nd7 15. Be2 Nxe5 16. dxe5 Qe7 17. Qc3 b5 18. Qd4 a5 19. a3 Ba6 20. b4 axb4 21. axb4 Bb7 22. Qb2 Ra7 23. O-O Rfa8 {[#] And now ...Ra2 would win.} 24. Ra1 Bc8 25. Rfb1 Qb7 26. Qc3 Ra2 27. Rxa2 Rxa2 28. Bd1 Qa7 29. Bb3 Ra3 30. g4 Qe7 31. g5 {[#]} Kg7 (31... h6 $1 $11 {[%mdl 512] remains equal.}) 32. Qb2 $16 Ra6 33. g4 Kg8 34. Kg2 Kg7 35. Kg3 Kg8 36. Qh2 Ra3 37. Qb2 Ra6 $1 38. Rh1 Kh8 39. Kf2 Kg8 40. Ke2 Ra8 41. Kd2 Qa7 42. Kc3 Qe7 43. Ra1 Qb7 44. Rh1 Qe7 $1 45. Qh2 Ra7 46. Kb2 Ra8 47. Kc3 Ra7 $1 48. Qb2 (48. Qc2 $16) 48... Ra6 (48... Ra8 $1 $11) 49. Kd4 Ra7 50. Ra1 Qc7 51. Ra3 Qb7 52. Qa2 Rxa3 53. Qxa3 Qa6 54. Qa5 (54. Qxa6 $16 Bxa6 55. Kc3) 54... Qxa5 $11 55. bxa5 {[%mdl 4096] Endgame KB-KB} Kf7 56. Kc3 Ke7 57. Kb4 Kd8 58. Bd1 Kc7 59. Be2 Bd7 60. a6 Kb8 61. Ka5 {Strongly threatening f5.} Ka7 62. Bf1 Bc8 63. Bh3 Bd7 64. Bg2 Bc8 65. Bh3 Bd7 66. Bg2 Bc8 67. Bh3 Bxa6 $2 {[%mdl 8192]} (67... Bd7 $11) 68. Kb4 $2 {Accuracy: White = 68%, Black = 66%.} (68. f5 $18) 1/2-1/2

[Event "EIRCC 2019"]
[Site "Tallinn"]
[Date "2019.12.06"]
[Round "9.34"]
[White "Putka, Verners"]
[Black "Stabulnieks, Klavs"]
[Result "1-0"]
[WhiteElo "2358"]
[BlackElo "2114"]
[Annotator "TA"]
[PlyCount "115"]
[EventDate "2019.12.05"]
[EventType "swiss"]
[EventCountry "EST"]
[SourceTitle "playchess.com"]
[Source "ChessBase"]
[SourceQuality "1"]

{[%evp 20,115,30,15,44,35,86,70,77,61,84,93,92,34,41,38,32,28,60,54,55,0,0,0,15,21,64,0,0,0,3,0,154,156,151,153,147,169,489,478,496,502,454,500,465,190,194,191,207,209,210,208,275,140,210,203,191,62,60,71,68,64,68,33,45,41,42,50,70,52,72,23,28,0,31,6,17,0,0,0,0,0,0,0,0,0,12840,12841,12841,12842,12846,12847,12847,12847,29996,29997,29997,431]} 1. d4 Nf6 2. Nf3 g6 3. g3 Bg7 4. Bg2 O-O 5. O-O d6 6. c4 Nc6 7. Nc3 Bf5 8. d5 Na5 9. Nd4 Bd7 10. b3 c5 11. Nc2 Ne8 $146 {E62: King's Indian: Fianchetto: 6...c6 and Panno Variation (6...Nc6) without ...a6} ({Predecessor:} 11... a6 12. Qd3 Rb8 13. Rb1 b5 14. Bd2 Ng4 15. f4 Qc7 16. h3 Nf6 17. e4 Rb7 18. Ne3 Rfb8 19. e5 dxe5 {½-½ (52) Morgado,J (2612)-Glazman,M (2553) ICCF email 2013}) 12. Bb2 Nc7 (12... Rb8 $14) 13. Qc1 a6 {White is slightly better.} 14. Ne4 Bxb2 15. Qxb2 b5 16. Ne3 ({White should play} 16. Qc3 $16 Ne8 17. Nd2) 16... Rb8 17. Qd2 Ne8 18. Rab1 Nf6 19. Nxf6+ exf6 20. cxb5 (20. Be4 $14) 20... axb5 $11 21. b4 $36 {[%mdl 2048] Black is under pressure.} cxb4 22. Rxb4 Nb7 23. Rh4 ({White should try} 23. Nc2 $14) 23... f5 24. Nc2 Qf6 25. Nd4 g5 $2 (25... Ra8 $11) 26. Rh5 $16 h6 27. h4 $1 {[%cal Rh4g5]} Qg6 28. Bf3 {[%cal Rh4g5]} f4 $2 (28... f6 29. Ne6 Bxe6 30. dxe6 Rbe8) 29. hxg5 $18 hxg5 {Threatening ...g4.} 30. gxf4 f6 31. fxg5 Nc5 32. Qf4 (32. Kh1 $142 Rf7 33. gxf6 Qxf6 34. Ne6 $1 {[%mdl 512]} Bxe6 35. dxe6 Nxe6 36. Bd5) 32... fxg5 33. Qxg5 {[%cal Rg5g6]} Rf6 34. Kh2 Qxg5 35. Rxg5+ Kf7 36. Kg2 (36. Bh5+ $18 Kf8 37. Rfg1 Rxf2+ 38. Kh1) 36... Rf4 (36... Rh6 $16 {is a better defense.}) 37. e3 Rh4 38. Rh1 (38. Rg1 $18) 38... Rxh1 $14 39. Kxh1 {aiming for Bh5+.} Ra8 40. Bh5+ Kf8 41. Rg6 Rxa2 42. Rxd6 Rxf2 43. Kg1 {Threatens to win with Rxd7.} Rd2 44. Rb6 Rb2 45. Bg6 b4 46. e4 (46. Kf1 {keeps more tension.} b3 47. Nf5 Bxf5 48. Bxf5 Rd2 49. d6) 46... Nd3 47. Bf5 Bxf5 48. Nxf5 $11 {[%mdl 4096] Endgame KRN-KRN} Rb1+ 49. Kg2 {Hoping for d6.} b3 50. d6 {Intending d7 and mate.} Ke8 51. Rb8+ Kd7 52. Rb7+ Kc8 $2 {[%mdl 8192] [#]} (52... Kc6 $11 53. d7 Nf4+ 54. Kf2 Ne6 55. d8=N+ (55. Nd4+ Kxb7 56. Nxe6 Rd1 $11) 55... Nxd8 56. Rxb3 {[%mdl 64] Decoy} Rxb3 57. Nd4+ {[%mdl 64] Double Attack} Kd6 58. Nxb3 Ne6) 53. d7+ $1 $18 Kxb7 54. d8=Q Nc5 55. Qd5+ Kb6 56. Nd4 {Threatening mate with Qc6+.} Rc1 57. Qc6+ Ka7 58. Nb5+ {Accuracy: White = 45%, Black = 58%.} 1-0

[Event "EIRCC 2019"]
[Site "Tallinn"]
[Date "2019.12.06"]
[Round "9.35"]
[White "Dubrovin, Robert"]
[Black "Shishkov, Andrei"]
[Result "1/2-1/2"]
[WhiteElo "2235"]
[BlackElo "2352"]
[Annotator "NA"]
[PlyCount "105"]
[EventDate "2019.12.05"]
[EventType "swiss"]
[EventCountry "EST"]
[SourceTitle "playchess.com"]
[Source "ChessBase"]
[SourceQuality "1"]
[TimeControl "900+10"]

1. d4 {[%emt 0:00:00]} d5 {[%emt 0:00:00]} 2. c4 {[%emt 0:00:00]} e6 {[%emt 0:00:00]} 3. Nf3 {[%emt 0:00:16]} a6 {[%emt 0:00:00]} 4. Nbd2 {[%emt 0:00:27]} Nf6 {[%emt 0:00:00]} 5. g3 {[%emt 0:00:02]} c5 {[%emt 0:00:48]} 6. cxd5 exd5 {[%emt 0:00:03]} 7. Bg2 {[%emt 0:01:58]} Nc6 {[%emt 0:00:02]} 8. dxc5 {[%emt 0:00:54]} Bxc5 {[%emt 0:00:04]} 9. O-O {[%emt 0:00:01]} O-O {[%emt 0:00:07]} 10. Nb3 {[%emt 0:00:00]} Ba7 {[%emt 0:00:21]} 11. Nbd4 {[%emt 0:00:03]} Re8 {[%emt 0:01:19]} 12. Bf4 {[%emt 0:03:05]} Nxd4 {[%emt 0:02:41]} 13. Nxd4 {[%emt 0:00:00]} Qb6 {[%emt 0:00:07]} 14. Nb3 {[%emt 0:01:44]} Bg4 {[%emt 0:00:09]} 15. Bf3 {[%emt 0:01:07]} Bh3 16. Bg2 Qe6 {[%emt 0:02:48]} 17. Re1 {[%emt 0:01:56]} Bxg2 {[%emt 0:03:28]} 18. Kxg2 {[%emt 0:00:00]} h6 {[%emt 0:00:47]} 19. Qd3 {[%emt 0:00:48]} Ng4 {[%emt 0:00:41]} 20. Rf1 {[%emt 0:00:37]} Qxe2 {[%emt 0:00:20]} 21. Qxe2 {[%emt 0:00:01]} Rxe2 {[%emt 0:00:01]} 22. Kf3 {[%emt 0:00:02]} Rxf2+ {[%emt 0:00:41]} 23. Kxg4 {[%emt 0:00:01]} Rxh2 {[%emt 0:00:02]} 24. Kf3 {[%emt 0:00:22]} Rxb2 {[%emt 0:00:11]} 25. Be5 {[%emt 0:01:41]} Rc2 {[%emt 0:00:06]} 26. Bd4 {[%emt 0:00:29]} Bxd4 {[%emt 0:00:15]} 27. Nxd4 {[%emt 0:00:01]} Rc3+ {[%emt 0:00:02]} 28. Kg2 {[%emt 0:00:09]} Rac8 {[%emt 0:00:25]} 29. Nf5 {[%emt 0:00:15]} Rc2+ {[%emt 0:00:21]} 30. Rf2 {[%emt 0:00:12]} Rxf2+ {[%emt 0:00:09]} 31. Kxf2 {[%emt 0:00:00]} Rc2+ {[%emt 0:00:02]} 32. Ke3 {[%emt 0:00:10]} Kf8 {[%emt 0:00:15]} 33. a4 {[%emt 0:00:07]} h5 {[%emt 0:00:30]} 34. Rb1 {[%emt 0:00:39]} g6 {[%emt 0:00:01]} 35. Nd4 {[%emt 0:00:40]} Rc3+ {[%emt 0:00:05]} 36. Kf4 {[%emt 0:00:17]} Rc7 {[%emt 0:01:59]} 37. Ke5 {[%emt 0:00:05]} Rd7 {[%emt 0:00:06]} 38. Rb6 {[%emt 0:00:09]} Ke7 {[%emt 0:00:13]} 39. a5 {[%emt 0:00:01]} Kd8 {[%emt 0:00:47]} 40. Rd6 {[%emt 0:00:44]} Rxd6 {[%emt 0:00:12]} 41. Kxd6 g5 {[%emt 0:00:00]} 42. Nf5 {[%emt 0:00:29]} h4 {[%emt 0:00:35]} 43. g4 {[%emt 0:01:15]} h3 {[%emt 0:00:00]} 44. Kxd5 h2 {[%emt 0:00:10]} 45. Ng3 {[%emt 0:00:01]} Kc7 {[%emt 0:00:52]} 46. Nh1 {[%emt 0:00:00]} f6 {[%emt 0:00:15]} 47. Kc5 {[%emt 0:00:05]} Kd7 48. Kb6 {[%emt 0:00:10]} Kc8 {[%emt 0:00:20]} 49. Ng3 {[%emt 0:00:02]} Kb8 {[%emt 0:00:01]} 50. Nh1 {[%emt 0:00:34]} Kc8 {[%emt 0:00:01]} 51. Ng3 {[%emt 0:00:25]} Kb8 {[%emt 0:00:01]} 52. Nh1 {[%emt 0:00:38]} Kc8 {[%emt 0:00:02]} 53. Ng3 {[%emt 0:00:01]} 1/2-1/2